Ashford Park El. 1st Grade Spelling 1/18 Quiz Stats

Quiz not verified by Sporcle

Also try: Rear Ends
Challenge
Share
Tweet
Embed
Score 0/16 Timer 10:00
0 Plays Today
% Correct
be
92.9%
alone
64.3%
lunch
64.3%
nice
64.3%
favorite
57.1%
like
57.1%
five
50%
friend
50%
% Correct
owner
50%
ride
50%
soon
50%
time
50%
white
50%
pretty
42.9%
sure
42.9%
your
42.9%

You're not logged in!

Compare scores with friends on all Sporcle quizzes.
Sign Up with Email
OR
Log In

You Might Also Like...

Show Comments

Extras

Top Quizzes Today


Score Distribution

Your Account Isn't Verified!

In order to create a playlist on Sporcle, you need to verify the email address you used during registration. Go to your Sporcle Settings to finish the process.